| 000 | 01074nam a22002897a 4500 | ||
|---|---|---|---|
| 005 | 20151007104224.0 | ||
| 008 | 151007b2013 ck ||||gr|||| 00| 0 spa d | ||
| 020 | _a9789589892787 | ||
| 040 |
_aCO-BoIAVH _cCO-BoIAVH |
||
| 041 | 0 | _aspa | |
| 044 | _ack | ||
| 082 | 0 | 4 |
_a598.875 _bA97t |
| 100 | 1 | _aAyerbe-Quiñones, Fernando | |
| 245 | 1 | 0 |
_aTangara de Colombia / _cFernando Ayerbe Quiñones |
| 250 | _aPrimera edición | ||
| 260 |
_aBogotá (Colombia): _bWildlife Conservation Society, _c2013. |
||
| 300 |
_a304 páginas : _bmapas, ilustraciones y fotografías a color ; _c22 cm. |
||
| 490 | _aAvifauna Colombiana | ||
| 500 | _aIncluye glosario. | ||
| 504 | _aIncluye referencias bibliográficas (páginas 287-300) e índices. | ||
| 650 | 4 |
_aTangara _vGuía _xEspecies _zColombia |
|
| 650 | 4 |
_aTangara _vGuía _xUbicación geográfica _zColombia |
|
| 650 | 4 |
_aTangara _vGuía _xTaxonomía _zColombia |
|
| 650 | 4 |
_aTangara _vGuía _xClasificación _zColombia |
|
| 650 | 6 |
_aAves _vGuía _xEspecies _zColombia |
|
| 942 |
_2ddc _cLIBRO |
||
| 999 |
_c17841 _d17841 |
||